| 000 | 01029nam a2200241 a 4500 | ||
|---|---|---|---|
| 001 | 38975 | ||
| 003 | BD-RjUL | ||
| 005 | 20211209052907.0 | ||
| 008 | 160418m20132010bg a|||e |||| 001 0 ben d | ||
| 020 |
_a9789848765371 _c: Tk.400.00 |
||
| 035 | _a(BD-RjUL)39085 | ||
| 040 |
_aBD-RjUL _bben _cBD-RjUL |
||
| 041 | _aben | ||
| 082 |
_223 _a954.92051 _bMUM 2013 |
||
| 100 |
_aমুরশিদ, গোলাম. _9120332 |
||
| 245 | 1 | 0 |
_aমুক্তিযুদ্ধ ও তারপর : _bএকটি নির্দলীয় ইতিহাস / _cগোলাম মুরশিদ |
| 260 |
_aঢাকা : _bপ্রথমা প্রকাশন, _c২০১০, [মুদ্রণ ২০১৩] |
||
| 300 |
_a২৬৩ পৃ.: _bচিত্র ; _c২২ সেমি. |
||
| 500 | _aনির্বাচিত নির্ঘন্ট সংযুক্ত | ||
| 650 |
_aমুক্তিযুদ্ধ _zবাংলাদেশ _9120333 |
||
| 650 |
_aLiberation war _zBangladesh _9118264 |
||
| 942 |
_2ddc _cBK |
||
| 999 |
_c38975 _d38975 |
||